[Event "Doha 2006"]
[Site "Doha"]
[Date "2006.12.13"]
[Round "8"]
[White "Kojima, Sh. (JPN)"]
[Black "Hassan, A. (UAE)."]
[Result "1-0"]
[WhiteElo "2187"]
[BlackElo "2311"]
[PlyCount "69"]
[EventDate "2006.??.??"]
[WhiteTeam "Japan"]
[BlackTeam "United Arab Emirates"]
[WhiteTeamCountry "JPN"]
[BlackTeamCountry "UAE"]

1. e4 e6 2. d4 d5 3. Nc3 Nf6 4. e5 Nfd7 5. f4 c5 6. Nf3 Qb6 7. Be3 a6 8. a3 Nc6
9. dxc5 Bxc5 10. Na4 Qa5+ 11. b4 Qxa4 12. bxc5 Qa5+ 13. Qd2 Qxd2+ 14. Kxd2 f6
15. exf6 gxf6 16. c4 Ne7 17. Re1 Nb8 18. g4 Nbc6 19. cxd5 exd5 20. Rg1 Bd7 21.
f5 O-O-O 22. Bf4 h5 23. h3 hxg4 24. hxg4 Ng8 25. Rg3 Nh6 26. Nh4 Nf7 27. Ng6
Rhg8 28. Bg2 Ng5 29. Bxg5 fxg5 30. Rd3 Be8 31. Bxd5 Rg7 32. Nf8 Bf7 33. Ne6
Bxe6 34. Rxe6 Rgd7 35. Rxc6+ 1-0

[Event "Doha 2006"]
[Site "Doha"]
[Date "2006.12.13"]
[Round "8"]
[White "Saleh, N. M. (UAE)."]
[Black "Nakagawa, E. (JPN)."]
[Result "1/2-1/2"]
[WhiteElo "1879"]
[BlackElo "1933"]
[PlyCount "94"]
[EventDate "2006.??.??"]
[WhiteTeam "United Arab Emirates"]
[BlackTeam "Japan"]
[WhiteTeamCountry "UAE"]
[BlackTeamCountry "JPN"]

1. d4 d5 2. Nf3 Nf6 3. c4 c6 4. e3 e6 5. Bd3 dxc4 6. Bxc4 b5 7. Bd3 Bb7 8. O-O
a6 9. a4 Nbd7 10. Nbd2 Be7 11. b3 O-O 12. Ba3 Bxa3 13. Rxa3 b4 14. Ra1 c5 15.
Rc1 Qe7 16. Bb1 Rfc8 17. Nc4 Be4 18. Bd3 h6 19. Nfe5 Bxd3 20. Qxd3 Rc7 21. Nxd7
Nxd7 22. d5 exd5 23. Qxd5 Rb8 24. Rfd1 Nf6 25. Qd6 Ne4 26. Qxe7 Rxe7 27. Kf1
Re6 28. f3 Nc3 29. Rd7 Rc8 30. Kf2 Kf8 31. Nb2 Ke8 32. Rd2 Rd8 33. Rxd8+ Kxd8
34. Nd1 Nxd1+ 35. Rxd1+ Kc7 36. Ke2 Rd6 37. Rxd6 Kxd6 38. Kd3 Ke5 39. Kc4 Kd6
40. e4 h5 41. g3 h4 42. f4 hxg3 43. hxg3 f6 44. Kd3 Ke6 45. Kc4 Kd6 46. a5 g6
47. Kd3 Ke6 1/2-1/2

[Event "Doha 2006"]
[Site "Doha"]
[Date "2006.12.13"]
[Round "8"]
[White "Russell, M K A (SRI)."]
[Black "Shresta, B. (NEP)."]
[Result "1/2-1/2"]
[WhiteElo "2234"]
[BlackElo "2104"]
[PlyCount "100"]
[EventDate "2006.??.??"]
[WhiteTeam "Sri Lanka"]
[BlackTeam "Nepal"]
[WhiteTeamCountry "SRI"]
[BlackTeamCountry "NEP"]

1. e4 c6 2. d4 d5 3. Nc3 dxe4 4. Nxe4 Bf5 5. Ng3 Bg6 6. N1e2 Nd7 7. Nf4 e6 8.
h4 Ngf6 9. h5 Bf5 10. Nxf5 exf5 11. Bc4 Bd6 12. Qf3 Nb6 13. Bd3 Qd7 14. Bd2
O-O-O 15. O-O-O g6 16. Kb1 Kb8 17. c4 Bc7 18. hxg6 hxg6 19. Rxh8 Rxh8 20. Ne2
Re8 21. Bf4 a6 22. b3 Nc8 23. Bxc7+ Qxc7 24. Kb2 Nd6 25. Nc3 Ka7 26. d5 c5 27.
Qf4 Nfe4 28. g3 Nxc3 29. Kxc3 Ne4+ 30. Bxe4 Qxf4 31. gxf4 Rxe4 32. Rd3 Kb8 33.
b4 cxb4+ 34. Kxb4 b5 35. Kc5 bxc4 36. Rc3 Kc7 37. Rxc4 Re2 38. d6+ Kd7 39. Rb4
Rc2+ 40. Kd5 Rd2+ 41. Ke5 Re2+ 42. Kd5 Rd2+ 43. Ke5 Re2+ 44. Kf6 Kxd6 45. Rb6+
Kc5 46. Rxa6 Rxf2 47. Kxf7 Rxf4 48. Kxg6 Rf1 49. Ra5+ Kb4 50. Rxf5 Rxf5 1/2-1/2

[Event "Doha 2006"]
[Site "Doha"]
[Date "2006.12.13"]
[Round "8"]
[White "Surbir, L. (NEP)."]
[Black "Anuruddha, G C (SRI)."]
[Result "0-1"]
[WhiteElo "2095"]
[BlackElo "2204"]
[PlyCount "90"]
[EventDate "2006.??.??"]
[WhiteTeam "Nepal"]
[BlackTeam "Sri Lanka"]
[WhiteTeamCountry "NEP"]
[BlackTeamCountry "SRI"]

1. e4 e6 2. d4 d5 3. Nd2 c5 4. exd5 exd5 5. Bb5+ Nc6 6. Qe2+ Be7 7. dxc5 Nf6 8.
Ngf3 O-O 9. Nb3 Re8 10. Be3 Ne4 11. O-O-O a6 12. Bd3 Nxc5 13. Bxc5 Bxc5 14. Qd2
Bd6 15. Kb1 Qf6 16. c3 Bg4 17. Be2 Bf4 18. Qc2 Rac8 19. a3 a5 20. Rhe1 Red8 21.
Nbd4 Bd6 22. h3 Bd7 23. Bd3 g6 24. Re2 Bc5 25. Nb3 Bb6 26. Qd2 a4 27. Nc1 Bxh3
28. Qh6 Bg4 29. Rh1 Qg7 30. Qf4 h5 31. Ree1 d4 32. c4 Ba5 33. Reg1 Re8 34. Nh2
Bc7 35. Qg5 Bxh2 36. Rxh2 Qe5 37. Qh6 Qg7 38. Qg5 Ne5 39. f3 Bd7 40. Rhh1 Nxd3
41. Nxd3 Bf5 42. g4 hxg4 43. Rxg4 Bxd3+ 44. Ka1 Bf5 45. Rgh4 Rxc4 0-1

[Event "Doha 2006"]
[Site "Doha"]
[Date "2006.12.14"]
[Round "9"]
[White "(IND) Sasikiran Krishnan"]
[Black "(KAZ) Sadvakasov Darmen"]
[Result "1/2-1/2"]
[WhiteElo "2675"]
[BlackElo "2596"]
[PlyCount "79"]
[EventDate "2006.??.??"]
[WhiteTeam "Indien"]
[BlackTeam "Kazakhstan"]
[WhiteTeamCountry "IND"]
[BlackTeamCountry "KAZ"]

1. Nf3 Nf6 2. c4 b6 3. g3 c5 4. Bg2 Bb7 5. O-O e6 6. Nc3 Be7 7. d4 cxd4 8. Qxd4
O-O 9. Rd1 d6 10. Bg5 Nbd7 11. Nb5 d5 12. cxd5 exd5 13. Rac1 h6 14. Bf4 Bc5 15.
Qa4 Ne4 16. Nfd4 a6 17. Nc7 Rc8 18. Bxe4 dxe4 19. Nb3 b5 20. Qa5 Ba7 21. Qd2
Nb8 22. Na5 Qxd2 23. Rxd2 e3 24. Bxe3 Bxe3 25. fxe3 Be4 26. Nb3 Bc6 27. Nd5
Rce8 28. Nb4 Ba8 29. Kf2 Re6 30. Rd4 Rfe8 31. Rc3 g5 32. h4 Kg7 33. a3 Rf6+ 34.
Ke1 Bg2 35. Nd2 Nc6 36. Nxc6 Bxc6 37. hxg5 hxg5 38. e4 Rfe6 39. Rc5 Kg6 40. Kf2
1/2-1/2

[Event "Doha 2006"]
[Site "Doha"]
[Date "2006.12.14"]
[Round "9"]
[White "(BAN) Hossain Enamul"]
[Black "(CHN) Bu Xiangzhi"]
[Result "1/2-1/2"]
[WhiteElo "2503"]
[BlackElo "2671"]
[PlyCount "94"]
[EventDate "2006.??.??"]
[WhiteTeam "Bangladesch"]
[BlackTeam "China"]
[WhiteTeamCountry "BAN"]
[BlackTeamCountry "CHN"]

1. e4 Nf6 2. e5 Nd5 3. d4 d6 4. c4 Nb6 5. exd6 exd6 6. Nc3 Be7 7. h3 O-O 8. Nf3
Re8 9. Be2 Bf6 10. O-O Nc6 11. Bf4 Bf5 12. Rc1 h6 13. Qd2 a6 14. b3 d5 15. Nxd5
Nxd5 16. cxd5 Qxd5 17. Bxc7 Nxd4 18. Nxd4 Qxd4 19. Qxd4 Bxd4 20. Bf3 Be4 21.
Rc4 Bxf3 22. Rxd4 Rac8 23. Bf4 Bc6 24. Rfd1 f6 25. Be3 Kf7 26. a4 h5 27. a5 Bb5
28. b4 Kg6 29. Rd6 Rc4 30. R6d4 Rc3 31. Rd8 Re4 32. Bc5 Ba4 33. Ra1 Bc6 34.
Rdd1 Rec4 35. Re1 Kf5 36. Be7 Rc2 37. Rad1 h4 38. Rd8 Ra2 39. Rg8 Rcc2 40. Rxg7
Rxf2 41. Rf1 Rxf1+ 42. Kxf1 Ke6 43. Bc5 f5 44. Bf2 Ra1+ 45. Ke2 Ra2+ 46. Kf1
Ra1+ 47. Ke2 Ra2+ 1/2-1/2

[Event "Doha 2006"]
[Site "Doha"]
[Date "2006.12.14"]
[Round "9"]
[White "(BAN) Akter Shamima Liza"]
[Black "(CHN) Zhao Xue"]
[Result "0-1"]
[WhiteElo "2096"]
[BlackElo "2467"]
[PlyCount "60"]
[EventDate "2006.??.??"]
[WhiteTeam "Bangladesch"]
[BlackTeam "China"]
[WhiteTeamCountry "BAN"]
[BlackTeamCountry "CHN"]

1. d4 Nf6 2. c4 e6 3. Nc3 Bb4 4. f3 d5 5. a3 Bxc3+ 6. bxc3 c6 7. e3 b6 8. cxd5
cxd5 9. Bd3 O-O 10. Ne2 Bb7 11. O-O Re8 12. f4 Qc8 13. Bd2 Ba6 14. Bxa6 Qxa6
15. Qe1 Nc6 16. Ng3 Qd3 17. Rf3 Ne4 18. Nxe4 Qxe4 19. Qh4 e5 20. Rg3 exf4 21.
Rg4 Re6 22. Rxf4 Qd3 23. Qh5 g6 24. Qd1 Na5 25. Kh1 Nc4 26. Rf2 Rae8 27. Qf3
Nxd2 28. Qxf7+ Kh8 29. Rd1 Qxe3 30. Rfxd2 Qxd2 0-1

[Event "Doha 2006"]
[Site "Doha"]
[Date "2006.12.14"]
[Round "9"]
[White "(QAT) Al-Modiahki Mohamad"]
[Black "(IRI) Ghaem Maghami Ehsan"]
[Result "*"]
[WhiteElo "2550"]
[BlackElo "2581"]
[PlyCount "174"]
[EventDate "2006.??.??"]
[WhiteTeam "Qatar"]
[BlackTeam "Iran"]
[WhiteTeamCountry "QAT"]
[BlackTeamCountry "IRI"]

1. e4 c5 2. Nf3 d6 3. d4 cxd4 4. Nxd4 Nf6 5. Nc3 a6 6. Be3 e5 7. Nf3 Qc7 8. a4
b6 9. Nd5 Nxd5 10. Qxd5 Nc6 11. Ng5 Rb8 12. Bc4 Nd8 13. Qd3 Be7 14. O-O O-O 15.
c3 a5 16. h3 Bxg5 17. Bxg5 Ne6 18. Be3 Nc5 19. Bxc5 bxc5 20. Rad1 Rb6 21. Rd2
Be6 22. Bb5 c4 23. Qe3 Rbb8 24. f4 f6 25. Rfd1 Rfd8 26. Kh1 Bf7 27. Qg3 Qe7 28.
Qh4 Qc7 29. Qf2 Bh5 30. Rf1 Bf7 31. Qe3 Be6 32. Rfd1 Bf7 33. fxe5 fxe5 34. Qg5
Be6 35. Kh2 Rbc8 36. h4 Rb8 37. h5 h6 38. Qh4 Rb6 39. Qg3 Rf8 40. Rf2 Rbb8 41.
Rdf1 Qe7 42. Qg6 Rxf2 43. Rxf2 Rf8 44. Rxf8+ Kxf8 45. Kg3 Qf7 46. Qxf7+ Kxf7
47. Kh4 Kf6 48. Bc6 Bf7 49. Kg4 Be6+ 50. Kh4 Ke7 51. Bb5 Kd8 52. Kg3 Ke7 53.
Kh4 Kf7 54. Ba6 Kf6 55. Bb7 Bf7 56. Bc8 Be8 57. Ba6 Bf7 58. Bb5 Be6 59. Bc6 Ke7
60. g3 Kd8 61. g4 Kc7 62. Bb5 Kb6 63. g5 Kc5 64. Be8 Kb6 65. Bb5 Kc5 66. g6 d5
67. exd5 Kxd5 68. Be8 Kc5 69. Kg3 Bd5 70. Kg4 Be4 71. Bf7 Bc2 72. Kf3 Bxa4 73.
Ke4 Kd6 74. Bxc4 Bd1 75. Bf7 Bxh5 76. c4 Bg4 77. b3 Bd7 78. Bd5 Bg4 79. Bf7 Bd1
80. c5+ Kxc5 81. Kxe5 Bg4 82. Be8 Bc8 83. Bf7 Bd7 84. Bg8 h5 85. Kf4 h4 86. Bf7
Kd6 87. Bc4 Be6 *

[Event "Doha 2006"]
[Site "Doha"]
[Date "2006.12.14"]
[Round "9"]
[White "(IRI) Moradiabadi Elshan"]
[Black "(QAT) Al Sayed Mohamad N"]
[Result "1-0"]
[WhiteElo "2539"]
[BlackElo "2486"]
[PlyCount "63"]
[EventDate "2006.??.??"]
[WhiteTeam "Iran"]
[BlackTeam "Qatar"]
[WhiteTeamCountry "IRI"]
[BlackTeamCountry "QAT"]

1. e4 c5 2. Nf3 Nc6 3. Nc3 e5 4. Bc4 Be7 5. d3 d6 6. a3 Nf6 7. O-O O-O 8. Rb1
a6 9. h3 b5 10. Ba2 Be6 11. Nd5 Nd4 12. Nd2 Nxd5 13. exd5 Bd7 14. c3 Nf5 15. b4
cxb4 16. axb4 a5 17. Qc2 axb4 18. Rxb4 Qa5 19. Bb1 Rfc8 20. Qb3 Bg5 21. Bc2 Nd4
22. cxd4 Rxc2 23. Qxc2 Qxb4 24. Qc7 Bf5 25. dxe5 Bxd2 26. exd6 Bc3 27. g4 Bxg4
28. d7 Bf6 29. Ba3 Rxa3 30. Qc8+ Qf8 31. hxg4 Ra8 32. Rc1 1-0

[Event "Doha 2006"]
[Site "Doha"]
[Date "2006.12.14"]
[Round "9"]
[White "(UZB) Barsov Alexei"]
[Black "(INA) Megaranto Susanto"]
[Result "0-1"]
[WhiteElo "2537"]
[BlackElo "2492"]
[PlyCount "80"]
[EventDate "2006.??.??"]
[WhiteTeam "Uzbekistan"]
[BlackTeam "Indonesien"]
[WhiteTeamCountry "UZB"]
[BlackTeamCountry "INA"]

1. d4 d5 2. Bg5 c6 3. e3 h6 4. Bh4 Qb6 5. Qc1 e5 6. Nf3 e4 7. Nfd2 Ne7 8. c4
Nf5 9. Bg3 Nxg3 10. hxg3 Be6 11. Nc3 Nd7 12. a3 Be7 13. b4 O-O 14. Be2 f5 15.
O-O h5 16. Nb3 h4 17. gxh4 Bxh4 18. g3 Bf6 19. Kg2 g5 20. Rh1 Kg7 21. Rb1 Qd8
22. Nc5 Qe7 23. Nxe6+ Qxe6 24. Qd2 Rh8 25. cxd5 cxd5 26. Nb5 Raf8 27. Nc7 Qd6
28. Nb5 Qe6 29. Nc7 Qf7 30. Rbc1 Nb6 31. Nb5 Rxh1 32. Rxh1 a6 33. Nc3 Rc8 34.
Rc1 f4 35. exf4 gxf4 36. Qxf4 Bxd4 37. Qg5+ Kf8 38. Bh5 Qxf2+ 39. Kh3 Qf6 40.
Nxe4 dxe4 0-1

[Event "Doha 2006"]
[Site "Doha"]
[Date "2006.12.14"]
[Round "9"]
[White "(INA) Sukandar Irine Khar"]
[Black "(UZB) Sabirova Olga"]
[Result "1-0"]
[WhiteElo "2239"]
[BlackElo "2230"]
[PlyCount "97"]
[EventDate "2006.??.??"]
[WhiteTeam "Indonesien"]
[BlackTeam "Uzbekistan"]
[WhiteTeamCountry "INA"]
[BlackTeamCountry "UZB"]

1. e4 e5 2. Nf3 Nc6 3. Bc4 Bc5 4. O-O Nf6 5. Re1 d6 6. h3 O-O 7. c3 Bb6 8. d4
h6 9. a4 a6 10. Bb3 Re8 11. Bc2 exd4 12. Nxd4 Bd7 13. Bf4 Nh7 14. Qd3 Ne5 15.
Qg3 Qf6 16. Nd2 Nf8 17. Be3 Nfg6 18. f4 Nc6 19. N2f3 Nf8 20. Rad1 Qg6 21. Qf2
Qh5 22. Kh2 Bg4 23. Qg3 Bxf3 24. gxf3 Qg6 25. Qf2 Qf6 26. Rg1 Ng6 27. Qd2 Nh4
28. Rg3 Kh8 29. Rdg1 Rg8 30. Qd3 Ng6 31. Rg4 Bxd4 32. cxd4 Nb4 33. Qc3 Nxc2 34.
Qxc2 Rac8 35. f5 Nf8 36. Bd2 Qe7 37. Bxh6 g6 38. Qc3 Nh7 39. fxg6 fxg6 40. Rxg6
Rxg6 41. Rxg6 Rg8 42. d5+ Qe5+ 43. Qxe5+ dxe5 44. Re6 Nf8 45. Bxf8 Rxf8 46. Kg3
Rg8+ 47. Kf2 Rg5 48. Re8+ Kh7 49. Re7+ 1-0

[Event "Doha 2006"]
[Site "Doha"]
[Date "2006.12.14"]
[Round "9"]
[White "(PHI) Laylo Darwin"]
[Black "(TKM) Annaberdiev Meilis"]
[Result "1-0"]
[WhiteElo "2448"]
[BlackElo "2457"]
[PlyCount "121"]
[EventDate "2006.??.??"]
[WhiteTeam "Philippinen"]
[BlackTeam "Turkmenistan"]
[WhiteTeamCountry "PHI"]
[BlackTeamCountry "TKM"]

1. c4 g6 2. Nc3 Bg7 3. g3 Nc6 4. Bg2 d6 5. d3 Nf6 6. e4 h5 7. h3 e5 8. Bg5 Nd4
9. Nge2 Ne6 10. Be3 h4 11. Qd2 Nh5 12. O-O-O c6 13. Kb1 Qa5 14. g4 Nhf4 15.
Nxf4 exf4 16. Bxf4 Nxf4 17. Qxf4 Be6 18. Qd2 b5 19. e5 O-O 20. Bxc6 Rac8 21.
cxb5 dxe5 22. Nd5 Qd8 23. Nb4 Qb6 24. Qe3 Rxc6 25. Nxc6 Qxb5 26. Rc1 Qa4 27. a3
Re8 28. Rhe1 a5 29. Qc5 Qb3 30. Rc3 Qa2+ 31. Kc2 e4 32. Rxe4 Bxc3 33. Qxc3 a4
34. Kd2 Qb1 35. Re1 Qa2 36. Nb4 Qb3 37. Qxb3 axb3 38. d4 Rc8 39. d5 Rd8 40. Re3
Kg7 41. Rxb3 f5 42. g5 f4 43. Rf3 Bf5 44. Rxf4 Rh8 45. Rf3 Rh5 46. Rxf5 gxf5
47. d6 Kf7 48. d7 Ke7 49. Nd5+ Kd8 50. f4 Rh7 51. Nf6 Re7 52. a4 Re6 53. b4
Rd6+ 54. Kc3 Rd1 55. a5 Rh1 56. a6 Rxh3+ 57. Kd4 Ke7 58. g6 Rb3 59. Nd5+ Kxd7
60. a7 Ra3 61. g7 1-0

[Event "Doha 2006"]
[Site "Doha"]
[Date "2006.12.14"]
[Round "9"]
[White "(TKM) Amanov Mesgen"]
[Black "(PHI) Dableo Ronald"]
[Result "1/2-1/2"]
[WhiteElo "2339"]
[BlackElo "2425"]
[PlyCount "131"]
[EventDate "2006.??.??"]
[WhiteTeam "Turkmenistan"]
[BlackTeam "Philippinen"]
[WhiteTeamCountry "TKM"]
[BlackTeamCountry "PHI"]

1. c4 Nf6 2. Nc3 c5 3. Nf3 g6 4. d4 Bg7 5. e4 O-O 6. Be2 d6 7. O-O Na6 8. b3
Bg4 9. Be3 Qa5 10. Rc1 cxd4 11. Nxd4 Bxe2 12. Qxe2 Nc5 13. Bd2 Qb6 14. Nc2 Rfc8
15. Nd5 Qd8 16. Nxf6+ Bxf6 17. Nb4 e6 18. Rfd1 a5 19. Nc2 a4 20. b4 Nd7 21. Bf4
Bg5 22. Bxg5 Qxg5 23. Qe3 Qe7 24. Na3 Nf6 25. Nb5 Ne8 26. a3 Ra6 27. Qd4 Qg5
28. Rc3 Qf6 29. Qxf6 Nxf6 30. f3 Ne8 31. Kf2 Kf8 32. f4 Ke7 33. Kf3 Nc7 34. Nd4
e5 35. Ne2 Ne6 36. f5 gxf5 37. exf5 Ng7 38. g4 h5 39. h3 Rac6 40. Rdc1 Kf6 41.
c5 d5 42. b5 R6c7 43. c6 b6 44. Rd1 hxg4+ 45. hxg4 d4 46. Rc4 Ne8 47. Ng3 Nd6
48. Ne4+ Ke7 49. Nxd6 Kxd6 50. Rh1 Kd5 51. Rxa4 f6 52. Rb4 Ra8 53. a4 Kc5 54.
Rb3 Rxa4 55. Ke4 Rg7 56. Rc1+ Rc4 57. Rxc4+ Kxc4 58. Rg3 d3 59. Rxd3 Rxg4+ 60.
Kf3 Rg8 61. Rd6 Kxb5 62. Rxf6 Rc8 63. Ke4 Rxc6 64. Rxc6 Kxc6 65. Kxe5 Kd7 66.
Ke4 1/2-1/2

[Event "Doha 2006"]
[Site "Doha"]
[Date "2006.12.14"]
[Round "9"]
[White "(MGL) Batchuluun Cegmed"]
[Black "(UAE) Talib Moosa"]
[Result "1/2-1/2"]
[WhiteElo "2404"]
[BlackElo "2365"]
[PlyCount "111"]
[EventDate "2006.??.??"]
[WhiteTeam "Mongolei"]
[BlackTeam "United Arab Emirates"]
[WhiteTeamCountry "MGL"]
[BlackTeamCountry "UAE"]

1. d4 Nf6 2. c4 c5 3. d5 e5 4. Nc3 d6 5. g3 Be7 6. Bg2 O-O 7. e4 Nbd7 8. Nge2
a6 9. O-O Ne8 10. f4 b5 11. cxb5 axb5 12. Nxb5 Ba6 13. Nbc3 Nc7 14. Rf2 Bf6 15.
f5 Rb8 16. Bf1 Bg5 17. Qc2 Bxc1 18. Nxc1 Bxf1 19. Kxf1 Nb5 20. Nxb5 Rxb5 21.
Nd3 Nf6 22. Qc4 Ra5 23. h3 Qa8 24. a4 Rb8 25. Kg2 Qa6 26. Rc2 Qxc4 27. Rxc4 Rb3
28. Rd1 Nd7 29. Kf3 Nb6 30. Rc3 Rxc3 31. bxc3 Rxa4 32. Rb1 Ra6 33. Rb5 Kf8 34.
Nb2 Ke7 35. Rb3 Kd7 36. Nd1 Kc7 37. Ne3 Ra1 38. Ke2 Ra4 39. Kf3 Nd7 40. Nd1 Nf6
41. Nf2 Ra2 42. g4 h6 43. Nd1 Ra1 44. Nf2 Nd7 45. Rb2 Nb6 46. Rc2 Na4 47. Ke2
Kb6 48. Nd1 Kb5 49. Kd2 f6 50. Rc1 Ra2+ 51. Rc2 Ra1 52. Rc1 Ra2+ 53. Rc2 Ra1
54. Rc1 Ra2+ 55. Rc2 Ra3 56. Rc1 1/2-1/2

[Event "Doha 2006"]
[Site "Doha"]
[Date "2006.12.14"]
[Round "9"]
[White "(UAE) Hassan Abdullah"]
[Black "(MGL) Gundavaa Bayarsaiha"]
[Result "1-0"]
[WhiteElo "2311"]
[BlackElo "2237"]
[PlyCount "107"]
[EventDate "2006.??.??"]
[WhiteTeam "United Arab Emirates"]
[BlackTeam "Mongolei"]
[WhiteTeamCountry "UAE"]
[BlackTeamCountry "MGL"]

1. d4 d5 2. Nf3 Nf6 3. c4 c6 4. e3 e6 5. Bd3 Nbd7 6. O-O a6 7. Nbd2 dxc4 8.
Nxc4 b5 9. Nce5 Bb7 10. e4 Nxe5 11. dxe5 Nd7 12. Qe2 Be7 13. Be3 Qc7 14. Bf4
O-O 15. h4 c5 16. b3 Rac8 17. Rfc1 Nb6 18. a4 bxa4 19. bxa4 a5 20. Nd4 c4 21.
Bc2 Ba6 22. Rab1 Nd7 23. Qg4 Nxe5 24. Nxe6 fxe6 25. Qxe6+ Kh8 26. Bxe5 Qc5 27.
Bg3 Rc6 28. Qd5 c3 29. Rd1 Be2 30. Qxc5 Bxc5 31. Rd5 Bb4 32. Re1 Bc4 33. Rd4
Be6 34. Red1 Kg8 35. Bd6 Bc5 36. Bxf8 Bxd4 37. Rxd4 Kxf8 38. f3 Ke7 39. Kf2 Rb6
40. Rd3 Rc6 41. Ke3 Rc5 42. Rd1 h6 43. Rb1 g5 44. hxg5 Rxg5 45. g4 h5 46. Rb7+
Kd6 47. gxh5 Rg2 48. Kd3 Rf2 49. Kxc3 Kc6 50. Rb5 Rxf3+ 51. Kd4 Rh3 52. Rxa5
Bf7 53. h6 Kb6 54. Rf5 1-0

[Event "Doha 2006"]
[Site "Doha"]
[Date "2006.12.14"]
[Round "9"]
[White "(MGL) Mongontuul Bathuyag"]
[Black "(UAE) Saleh Noura Mohd"]
[Result "1-0"]
[WhiteElo "2383"]
[BlackElo "1879"]
[PlyCount "67"]
[EventDate "2006.??.??"]
[WhiteTeam "Mongolei"]
[BlackTeam "United Arab Emirates"]
[WhiteTeamCountry "MGL"]
[BlackTeamCountry "UAE"]

1. e4 e5 2. Nf3 Nc6 3. Bb5 a6 4. Ba4 Nf6 5. Nc3 Bc5 6. O-O d6 7. d3 h6 8. Nd5
O-O 9. c3 Bg4 10. Be3 Ba7 11. Bxa7 Rxa7 12. Ne3 Bh5 13. h3 b5 14. Bb3 Qc8 15.
Kh2 Nd8 16. Nf5 Qd7 17. Qd2 Ne6 18. N3h4 Kh7 19. g3 Raa8 20. f4 exf4 21. gxf4
Rg8 22. Ng3 g5 23. Bxe6 Qxe6 24. Nhf5 Rg6 25. fxg5 hxg5 26. Nd4 Qe7 27. Rf5
Rag8 28. Raf1 R8g7 29. Qf2 Ng4+ 30. hxg4 Bxg4 31. Rxf7 Rh6+ 32. Kg1 Qxf7 33.
Qxf7 Rxf7 34. Rxf7+ 1-0

[Event "Doha 2006"]
[Site "Doha"]
[Date "2006.12.14"]
[Round "9"]
[White "(PLE) Tamra Attallah"]
[Black "(JOR) Samhouri Ahmed"]
[Result "0-1"]
[WhiteElo "2102"]
[BlackElo "2322"]
[PlyCount "56"]
[EventDate "2006.??.??"]
[WhiteTeam "Palästina"]
[BlackTeam "Jordanien"]
[WhiteTeamCountry "PLE"]
[BlackTeamCountry "JOR"]

1. d4 d5 2. c4 c6 3. g3 Nf6 4. Bg2 dxc4 5. Nf3 b5 6. Ne5 Bb7 7. a4 a6 8. O-O e6
9. b3 cxb3 10. Bb2 Be7 11. Qxb3 O-O 12. Nc3 Qb6 13. axb5 axb5 14. Rxa8 Bxa8 15.
Nc4 Qc7 16. Ne5 Nbd7 17. Rc1 b4 18. Nxc6 Bxc6 19. Nb5 Qb6 20. Bxc6 Nb8 21. Qc2
Rc8 22. d5 Nxc6 23. Nd4 Na7 24. Qxc8+ Nxc8 25. Rxc8+ Bf8 26. Nc6 Nxd5 27. Bd4
Qb7 28. Na7 b3 0-1

[Event "Doha 2006"]
[Site "Doha"]
[Date "2006.12.14"]
[Round "9"]
[White "(JOR) Rimawi Bahjat  T"]
[Black "(PLE) Shobaita Talal"]
[Result "0-1"]
[WhiteElo "2308"]
[BlackElo "2183"]
[PlyCount "128"]
[EventDate "2006.??.??"]
[WhiteTeam "Jordanien"]
[BlackTeam "Palästina"]
[WhiteTeamCountry "JOR"]
[BlackTeamCountry "PLE"]

1. e4 c5 2. Nf3 d6 3. d4 cxd4 4. Nxd4 Nf6 5. Nc3 a6 6. Bg5 e6 7. f4 Qb6 8. Qd2
Qxb2 9. Nb3 Qa3 10. Bd3 Nc6 11. O-O Qb4 12. Rae1 Qb6+ 13. Kh1 Be7 14. e5 dxe5
15. fxe5 Nd7 16. Bxe7 Nxe7 17. Qg5 Ng6 18. Bxg6 hxg6 19. Ne4 Rh5 20. Nd6+ Qxd6
21. exd6 b6 22. Qxh5 gxh5 23. c4 Bb7 24. a4 Rc8 25. Rc1 h4 26. h3 Ne5 27. c5
Bd5 28. cxb6 Rb8 29. Nc5 Rxb6 30. d7+ Ke7 31. Rce1 Nxd7 32. Nxd7 Rb2 33. Rf4
Rxg2 34. Nb6 Bb7 35. Rfe4 Rb2 36. Nc4 Rb4 37. Kg1 Bxe4 38. Rxe4 Rxa4 39. Rxh4
g5 40. Rd4 Kf6 41. Kf2 Rb4 42. Rg4 Ke7 43. Ke3 f5 44. Rd4 Rb3+ 45. Rd3 Rxd3+
46. Kxd3 Kf6 47. Kd4 g4 48. hxg4 fxg4 49. Ke4 Kg5 50. Ke3 Kh4 51. Kf2 Kh3 52.
Kg1 Kg3 53. Nd6 a5 54. Ne4+ Kf4 55. Nc5 e5 56. Nd3+ Ke4 57. Nc5+ Kf3 58. Nd7 e4
59. Ne5+ Kg3 60. Nd7 e3 61. Kf1 a4 62. Nc5 a3 63. Ne4+ Kh2 64. Nc3 g3 0-1

[Event "Doha 2006"]
[Site "Doha"]
[Date "2006.12.14"]
[Round "9"]
[White "(NEP) Shresta  Bilam Lal"]
[Black "(BRN) Ayyad Maher"]
[Result "1-0"]
[WhiteElo "2104"]
[BlackElo "2137"]
[PlyCount "63"]
[EventDate "2006.??.??"]
[WhiteTeam "Nepal"]
[BlackTeam "BRN"]
[WhiteTeamCountry "NEP"]

1. e4 c5 2. Nf3 e6 3. d4 cxd4 4. Nxd4 Nf6 5. Nc3 Nc6 6. Be2 Bb4 7. Nxc6 bxc6 8.
f3 Qb6 9. Bd2 d5 10. exd5 cxd5 11. a3 Be7 12. b3 O-O 13. Bd3 e5 14. Qe2 Re8 15.
Bb5 Rd8 16. Na4 Qc7 17. O-O a6 18. Bd3 Bb7 19. Be3 e4 20. fxe4 dxe4 21. Bc4 Re8
22. Rad1 Bd6 23. Bb6 Bxh2+ 24. Kh1 Qe5 25. Bd4 Qg3 26. Bxf6 gxf6 27. Qh5 e3 28.
Qxf7+ Kh8 29. Qxf6+ Qg7 30. Qxg7+ Kxg7 31. Rf7+ Kg6 32. Kxh2 1-0

[Event "Doha 2006"]
[Site "Doha"]
[Date "2006.12.14"]
[Round "9"]
[White "(BRN) Ayyad Husain Abdulj"]
[Black "(NEP) Surbir Lama"]
[Result "0-1"]
[WhiteElo "2003"]
[BlackElo "2095"]
[PlyCount "84"]
[EventDate "2006.??.??"]
[WhiteTeam "BRN"]
[BlackTeam "Nepal"]
[BlackTeamCountry "NEP"]

1. e4 c5 2. Nf3 d6 3. d4 cxd4 4. Qxd4 Nc6 5. Bb5 Bd7 6. Bxc6 bxc6 7. O-O e5 8.
Qc3 Nf6 9. Nbd2 Be7 10. b3 O-O 11. Ba3 Rc8 12. Rfe1 Bg4 13. Rad1 Qc7 14. h3
Bxf3 15. Nxf3 h6 16. Nh4 Rfd8 17. Nf5 Bf8 18. Qg3 g6 19. Qh4 gxf5 20. Qxf6 f4
21. Rd3 Qe7 22. Qxe7 Bxe7 23. Red1 c5 24. Rd5 Kg7 25. c3 a5 26. b4 axb4 27.
cxb4 cxb4 28. Bxb4 Rc4 29. Bxd6 Rxd6 30. Rxd6 Bxd6 31. Rxd6 Rxe4 32. Ra6 Re1+
33. Kh2 e4 34. Ra4 f5 35. Ra6 Rf1 36. g4 fxg4 37. Kg2 Rc1 38. hxg4 Rc2 39. Kg1
f3 40. a4 Rc1+ 41. Kh2 e3 42. Kg3 e2 0-1

[Event "Doha 2006"]
[Site "Doha"]
[Date "2006.12.14"]
[Round "9"]
[White "(JPN) Nanjo Ryosuke"]
[Black "(SRI) Russell M K A"]
[Result "0-1"]
[WhiteElo "2186"]
[BlackElo "2234"]
[PlyCount "118"]
[EventDate "2006.??.??"]
[WhiteTeam "Japan"]
[BlackTeam "Sri Lanka"]
[WhiteTeamCountry "JPN"]
[BlackTeamCountry "SRI"]

1. d4 d5 2. c4 c6 3. Nf3 Nf6 4. e3 a6 5. Nc3 b5 6. b3 Bg4 7. Be2 e6 8. O-O Nbd7
9. h3 Bh5 10. Bb2 bxc4 11. bxc4 Rb8 12. Na4 Qa5 13. a3 Ne4 14. Re1 Be7 15. Qc2
Bg6 16. Qd1 Nb6 17. Nxb6 Qxb6 18. Ra2 Bf6 19. c5 Qc7 20. Qc1 a5 21. Nd2 O-O 22.
Nxe4 Bxe4 23. Bc3 e5 24. Qd2 exd4 25. exd4 Ra8 26. Rb2 Bd8 27. a4 Qd7 28. Ra1
Bc7 29. Ra3 Rfe8 30. Rab3 Bf5 31. Bf1 Qd8 32. Qd1 Qg5 33. Bd2 Qf6 34. Be3 Bc8
35. Qd2 h6 36. Bd3 Qh4 37. Bc2 f5 38. Qd3 Rf8 39. Qd1 Ba6 40. Qf3 Rae8 41. Bd3
Bc8 42. Bf1 f4 43. Bd2 Bf5 44. Rb7 Qd8 45. Bxf4 Bxf4 46. Qxf4 Bc8 47. Qg3 Bxb7
48. Rxb7 Re7 49. Rb6 Qe8 50. Bd3 Re1+ 51. Kh2 Qe6 52. Rb7 Qf6 53. f3 Rd1 54.
Bc2 Rxd4 55. Rc7 Rc4 56. Bd3 Rxc5 57. f4 Rc3 58. f5 Re8 59. Rd7 Qe5 0-1

[Event "Doha 2006"]
[Site "Doha"]
[Date "2006.12.14"]
[Round "9"]
[White "(SRI) Anuruddha G C"]
[Black "(JPN) Kojima Shinya"]
[Result "1/2-1/2"]
[WhiteElo "2204"]
[BlackElo "2187"]
[PlyCount "31"]
[EventDate "2006.??.??"]
[WhiteTeam "Sri Lanka"]
[BlackTeam "Japan"]
[WhiteTeamCountry "SRI"]
[BlackTeamCountry "JPN"]

1. d4 Nf6 2. Nf3 d5 3. c4 c6 4. Nc3 e6 5. e3 Nbd7 6. Qc2 Bd6 7. Bd3 O-O 8. O-O
dxc4 9. Bxc4 a6 10. e4 e5 11. h3 b5 12. Be2 Bb7 13. Bg5 h6 14. Bh4 Qe7 15. Rad1
c5 16. d5 1/2-1/2